Представление документа в формате RUSMARC

ПолеНазваниеЗначение
  Тип записи a
  Библиографический уровень m
001 Контрольный номер RU/ГПНТБ России/KNIGADB/63.3(0)62,6/З-23-743317949
005 Дата корректировки 20260616162500.5
010 Индекс ISBN __
a ISBN 978-5-235-05148-5
b Уточнения в пер.
9 Тираж 2000 экз.
100 Данные общей обработки __
a Данные общей обработки 20260616d2024 m y0rusy028902 ca
101 Язык документа 0_
a Язык текста rus
102 Страна публикации __
a Страна публикации RU
105 Кодированные данные (монография) __
a Кодированные данные (монография) a z 000yy
181 Поле кодированных данных: вид содержания _0
a Код вида содержания (ISBD) i
182 Поле кодированных данных: тип средства _0
a Код типа средства (ISBD) n
200 Заглавие и сведения об ответственности 1_
a Заглавие Нюрнберг вне стенограмм
f Первые сведения об ответственности Константин Залесский
203 Вид содержания и тип средства __
c Тип средства непосредственный
a Вид содержания Текст
210 Выходные данные 1_
a Место издания Москва
c Издательство Молодая гвардия
d Дата издания 2024
215 Физическое описание __
a Объем 607, [4] с.
c Иллюстрации/тип воспроизводства фот., факс.
d Формат 22 см
300 Общие примечания __
a Общие примечания На переплете: В основе книги воспоминания очевидца событий
320 Библиография __
a Библиография Библиография в подстрочных примечаниях
330 Аннотация __
a Аннотация Воспоминания Ольги Григорьевны Табачниковой-Свидовской (1923-2000), работавшей переводчицей на Нюрнбергском процессе, впервые выходят в свет в полном объеме. Этот уникальный документ в сочетании с комментариями и исследованием известного историка Константина Залесского дополняет новыми деталями историю знаменитого процесса над нацистскими военными преступниками, предлагая еще раз вернуться в первые послевоенные годы, когда перед Судом народов предстал самый преступный из всех существовавших режим.
333 Примечание о целевом назначении __
a Примечание о целевом назначении 16+. Для детей старше 16 лет
600 Персоналии _1
2 Код системы nlr_sh
a Персоналии (Фамилия) Табачникова-Свидовская
b Персоналии (Имя) О. Г.
g Полное имя Ольга Григорьевна
f Даты 1923-2000
601 Наименование организации как предмет 02
2 Код системы nlr_sh
a Наименование организации как предмет Международный военный трибунал
606 Тематические рубрики __
a Основная рубрика История
2 Код системы nlr_sh
606 Тематические рубрики __
2 Код системы nlr_sh
a Основная рубрика Новейшая история
610 Ключевые слова 0_
a Ключевые слова Нюрнбергский процесс
610 Ключевые слова 0_
a Ключевые слова Вторая Мировая война
610 Ключевые слова 0_
a Ключевые слова военные преступления
610 Ключевые слова 0_
a Ключевые слова военные трибуналы
610 Ключевые слова 0_
a Ключевые слова военные преступники
610 Ключевые слова 0_
a Ключевые слова воспоминания
610 Ключевые слова 0_
a Ключевые слова историческая литература
686 Индексы других классификаций __
2 Код системы rubbks
a Классификационный индекс 63.3(0)62,6
700 Автор _1
a Фамилия Залесский
b Имя К. А.
g Полное личное имя Константин Александрович
f Даты 1965-
4 Код отношения 070
801 Источник записи _0
b Организация ГПНТБ России
a Страна RU
c Дата составления 20260616
g Правила каталогизации PSBO
801 Источник записи _1
b Организация ГПНТБ России
a Страна RU
c Дата составления 20260616
g Правила каталогизации PSBO
852 Данные о местонахождении 5_
i Авторский знак З-23
j Шифр хранения 63.3(0)62,6
901 Тип документа __
a Ответственный КиК/Обаева
t Тип документа m
901 Тип документа __
a Ответственный без партии
903 Характеристики (МАРС) __
a Дата передачи 20260616
c Наименование библиотеки (МАРС) Муниципальное бюджетное учреждение культуры "Централизованная библиотечная система" г. Сургут (Центральная городская библиотека им. А. С. Пушкина)
969 Тип издания __
a Тип издания Ф 26
a Тип издания историческая литература
996 Контроль за деятельностью лиц, находящихся под иностранным влиянием __
b Текстовое указание Содержит информацию о наркотических или психотропных веществах, употребление которых опасно для здоровья. Их незаконный оборот влечет уголовную ответственность (18+)